|
|
|
|
| LEADER |
01451nam a22003734a 4500 |
| 001 |
35684 |
| 003 |
BD-DhAAL |
| 005 |
20211129151905.0 |
| 008 |
190919t2002 cou b 001 0 eng d |
| 999 |
|
|
|c 41315
|d 41315
|
| 010 |
|
|
|a 2001048936
|
| 020 |
|
|
|a 1588260240 (pbk. : alk. paper)
|
| 020 |
|
|
|a 1588260488 (alk. paper)
|
| 020 |
|
|
|a 9781588260246
|
| 040 |
|
|
|a DLC
|c DLC
|d DLC
|d BD-DhAAL
|
| 042 |
|
|
|a pcc
|
| 050 |
0 |
0 |
|a U263
|b .W56 2002
|
| 082 |
0 |
0 |
|a 355.0217
|2 21
|
| 100 |
1 |
|
|a Windsor, Philip.
|9 34888
|
| 245 |
1 |
0 |
|a Strategic thinking :
|b an introduction and farewell /
|c Philip Windsor ; edited by Mats Berdal and Spyros Economides.
|
| 260 |
|
|
|a Boulder, Co. :
|b Lynne Rienner Publishers,
|c c2002.
|
| 300 |
|
|
|a xi, 199 pages ;
|c 24 cm.
|
| 440 |
|
0 |
|a IISS studies in international security
|9 34889
|
| 504 |
|
|
|a Includes bibliographical references (pages 183-185) and index.
|
| 526 |
|
|
|a BIED
|
| 541 |
|
|
|a Complimentary copy from BIED
|e 35684
|
| 650 |
|
0 |
|a Nuclear warfare.
|9 34890
|
| 650 |
|
0 |
|a Strategy.
|9 34891
|
| 650 |
|
0 |
|a Cold War.
|9 34892
|
| 700 |
1 |
|
|a Berdal, Mats R.,
|d 1965-
|9 34893
|
| 700 |
1 |
|
|a Economides, Spyros.
|9 34894
|
| 852 |
|
|
|a Ayesha Abed Library
|c BIED Collection
|
| 942 |
|
|
|2 ddc
|c BK
|
| 952 |
|
|
|0 0
|1 0
|2 ddc
|4 0
|6 355_021700000000000_WIN
|7 0
|9 66406
|a BRACUL
|b BRACUL
|c GEN
|d 2019-09-19
|e Complimentary copy from BIED
|l 1
|m 7
|o 355.0217 WIN
|p 3010035684
|r 2023-04-11
|s 2023-03-13
|t 1
|w 2019-09-19
|y BK
|x Transferred from BIED to General Stacks
|